Introduction to Ore Forming Processes (Record no. 60781)
[ view plain ]
| 000 -LEADER | |
|---|---|
| fixed length control field | 00504nam a22001937a 4500 |
| 005 - DATE & TIME | |
| control field | 20260513125154.0 |
| 008 - FIXED-LENGTH DATA ELEMENTS--GENERAL INFORMATION | |
| fixed length control field | 260513b |||||||| |||| 00| 0 eng d |
| 020 ## - ISBN | |
| International Standard Book Number | 9781119967507 |
| Price | 6754.49 |
| 040 ## - CATALOGING SOURCE | |
| Original cataloging agency | Doon University |
| 041 ## - Language | |
| Language | English |
| 082 ## - DDC NUMBER | |
| Classification number | 553 |
| Book Number | ROB |
| 100 ## - MAIN ENTRY--PERSONAL NAME | |
| Personal name | Robb, Laurence |
| 245 ## - TITLE STATEMENT | |
| Title | Introduction to Ore Forming Processes |
| 250 ## - EDITION STATEMENT | |
| Edition statement | 2nd |
| 260 ## - PUBLICATION, DISTRIBUTION, ETC. (IMPRINT) | |
| Place of publication, distribution, etc | United State Of America |
| Name of publisher, distributor, etc | Wiley Blackwell |
| Date of publication, distribution, etc | 2021 |
| 300 ## - PHYSICAL DESCRIPTION | |
| Pages | 456 |
| 650 ## - Subject | |
| Subject | Geology (PM USHA) |
| 942 ## - ADDED ENTRY ELEMENTS (KOHA) | |
| Koha item type | Books |
| 100 ## - MAIN ENTRY--PERSONAL NAME | |
| -- | 26809 |
| 650 ## - Subject | |
| -- | 26712 |
| 952 ## - LOCATION AND ITEM INFORMATION (KOHA) | |
| -- | 2026-05-13 |
| 952 ## - LOCATION AND ITEM INFORMATION (KOHA) | |
| -- | 2026-05-13 |
| Withdrawn status | Lost status | Source of classification or shelving scheme | Damaged status | Not for loan | Location (home branch) | Sublocation or collection (holding branch) | Date acquired | Koha full call number | Accession No. | Koha date last seen | Koha item type | Koha issues (times borrowed) |
|---|---|---|---|---|---|---|---|---|---|---|---|---|
| Not For Loan | Doon University | Doon University | 13.05.2026 | 553 ROB | 33010 | 13.05.2026 | Reference | |||||
| Doon University | Doon University | 13.05.2026 | 553 ROB | 33011 | 13.05.2026 | Books |